{"text_format":"3","workbook":"xls","n_sheets":3,"sheets":["建筑面积","Sheet2","Sheet3"],"read":"whole","date_system":"1900","formulas":"cached_only"}

{"sheet":"建筑面积","index":0,"n_rows":11,"n_cols":8,"rows_kept":11,"merged":[[0,0,0,7]],"flags":["formulas_cached_only"]}
["环湖大道建筑及构架指标价预估"]
["序号","名称","拟分包工作内容","单位","数量","预估单价","合计","备注"]
[1,"服务用房及休息廊","除基础外地面以上部分，主要内容有室内装修、钢结构、门窗、外装饰、室内水电安装、屋面等","m2",73.44,3000,220320]
[2,"管理房及休息廊","除基础外地面以上部分，主要内容有室内装修、钢结构、门窗、外装饰、室内水电安装、屋面等","m2",63.839999999999996,3000,191520]
[3,"入口服务站","除基础外地面以上部分，主要内容有室内装修、钢结构、门窗、外装饰、室内水电安装、屋面等","m2",664.56,3000,1993679.9999999998]
[4,"框景构筑","处基础外地面以上部分，主要内容有钢结构、装饰面","项",1,50000,50000]
[5,"耐候钢景墙","处基础外地面以上部分，主要内容有钢结构、装饰面","项",1,30000,30000]
[6,"休闲构架","除钢筋砼基础外的钢结构及屋面、装饰部分","个",2,50000,100000]
[7,"栈道钢构","型钢龙骨及2000*800热镀锌钢格栅","项",1,413736,413736]
[8,"休闲廊","钢结构及玻璃屋面","m2",27.698999999999998,2000,55397.99999999999]
[null,"合计",{"$nulls":4},3054654]

{"sheet":"Sheet2","index":1,"n_rows":0,"n_cols":0,"rows_kept":0,"flags":["formulas_cached_only"]}

{"sheet":"Sheet3","index":2,"n_rows":0,"n_cols":0,"rows_kept":0,"flags":["formulas_cached_only"]}